| 000 | 02513cam a22002294a 4500 | ||
|---|---|---|---|
| 005 | 20250605164006.0 | ||
| 008 | 250528s ||||||||||||||||||||||||d | ||
| 035 | _a15811 | ||
| 020 | _a9600336792 | ||
| 040 |
_aGR-AtMCL _bgre _dGR-AtMCL _eAACR2 |
||
| 245 | 1 | _aΤο Σαφάρι της Στρατηγικής / Εισαγωγή στη Στρατηγική Διοίκηση Επιχειρήσεων | |
| 260 |
_bΚαστανιώτη, _c2004 |
||
| 300 | _a464 | ||
| 520 | _aΜιά ευρεία επισκόπηση όλων των σχολών σκέψης στη Στρατηγική Διοίκηση. Πρόλογος, Επιβίβαση, ''Ιδού Κυρίες και Κύριοι: Ο Ελέφαντας του Στρατηγικού Μάνατζμεντ, Η Σχολή του Σχεδιασμού (Η Διαμόρφωση Στρατηγικής ως Διαδικασία Νοητικής Σύλληψης), Η Σχολή του Προγραμματισμού (Η Διαμόρφωση Στρατηγικής ως Επίσημη Διαδικασία), Η Σχολή της Τοποθέτησης (Η Διαμόρφωση Στρατηγικής ως Αναλυτική Διαδικασία), Η Σχολή του Επιχειρηματικότητας (Η Διαμόρφωση Στρατηγικής ως Διαδιασία Οραματισμού), Η Γνωστική Σχολή (Η Διαμόρφωση Στρατηγικής ως Διανοητική Διαδικασία), Η Σχολή της Μάθησης (Η Διαμόρφωση Στρατηγικής ως Αναδυόμενη Διαδικασία), Η Σχολή της Ισχύος (Η Διαμόρφωση Στρατηγικής ως Διαδικασία Διαπραγμάτευσης, Η Σχολή της Κουλτούρας (Η Διαμόρφωση Στρατηγικής ως Συλλογική Διαδικασία, Η Σχολή του Περιβάλλοντος (Η Διαμόρφωση Στρατηγικής ως Διαδικασία Αντίδρασης, Η Σχολή του Διαμορφώματος (Η Διαμόρφωση Στρατηγικής ως Διαδικασία Μετασχηματισμού, Βιβλιογραφία, Πίνακας Δικαιωμάτων, Ευρετήριο. | ||
| 700 | 1 |
_aAhlstrand Bruce _91810 |
|
| 700 | 1 |
_aLampel Joseph _91811 |
|
| 700 | 1 |
_aΓιαμαλίδου Μαρία _91812 |
|
| 700 | 1 | _aΠαπούλιας Δημήτρης Β | |
| 942 | _cBK | ||
| 999 |
_c1362 _d1362 |
||